01408 2200205 4500001002100000005001500021008004100036035002000077082000800097084001400105100001300119245003400132250000600166260003800172300001200210520094600222650001001168990001201178990001201190INLIS00000000000095920240530104509240530 1 ind  a0010-0524000194 a813 a813 SIS n aSiska Sw1 aNasha And Youtube /cSiska Sw a1 aYogyakarta :bSheila/ Andi,c2015 a170 hlm aTak pernah dipikirkan sebelumnya, kehidupan tenang dan damai Nasha mulai terusik. Semua berawal dari resepsi pernikahan Nassy. Saat itu, Nasha menyanyikan lagu Bruno Mars berjudul Marry You sebagai hadiah pernikahan. Tanpa sepengetahuannya, Agus yang menjadi kakak iparnya meng-upload video menyanyinya ke Youtube. Tidak disangka-sangka, video itu ditonton oleh banyak orang hingga mencapai 5.615.553 views dan mendapat julukan sebagai Viel Angel. Para wartawan memburunya. Sosok Grapher yang misterius mengetahui Nasha adalah Viel Angel. Dia mengacam bila Nasha mengabaikannya dan tidak membalas email-nya, dia akan mengirim foto yang membuktinya sebagai Viel Angel kepada para wartawan. Di sisi lain, di sebuah situasi yang sulit, Nasha ingin mengajak Davi untuk berbohong sebagai pacar, tetapi melihat keakraban dengan Miranda, Nasha harus mengurungkan niat. Akhirnya, dia menuruti perintah-perintah Grapher yang menurut Nasha gila. 4aFiksi a0741672 a0741673